|
|
|
|
| LEADER |
01394cam a2200313 a 4500 |
| 001 |
c000406138 |
| 003 |
CARM |
| 005 |
20200818132725.0 |
| 008 |
200818s1995 xna b 000 0 eng d |
| 019 |
1 |
|
|a 12654160
|5 LACONCORD2021
|
| 035 |
|
|
|a (OCoLC)222152943
|5 LACONCORD2021
|
| 040 |
|
|
|a ANL
|b eng
|c ANL
|
| 042 |
|
|
|a anuc
|
| 043 |
|
|
|a u-at---
|
| 082 |
0 |
4 |
|a 384.550994
|2 21
|
| 245 |
0 |
0 |
|a Investigation report :
|b Mighty Morphin Power Rangers, G classification : a report on the Australian Broadcasting Authority's investigation into compliance by licensees of the Seven network with the commercial television industry code of practice.
|
| 260 |
|
|
|a [Sydney] :
|b Australian Broadcasting Authority,
|c 1995.
|
| 300 |
|
|
|a 26 leaves ;
|c 30 cm.
|
| 500 |
|
|
|a Cover title.
|
| 504 |
|
|
|a Includes bibliographical references.
|
| 650 |
|
0 |
|a Television broadcasting
|x Standards
|z Australia.
|
| 650 |
|
0 |
|a Television broadcasting policy
|z Australia.
|
| 710 |
2 |
|
|a Australian Broadcasting Authority
|
| 852 |
8 |
|
|b CARM
|i F11044
|p 0543134
|f BK
|
| 852 |
8 |
|
|b SCAN
|h A3:AK15C0
|i F11044
|p 0543134
|f BK
|
| 852 |
8 |
|
|b SCAN
|h A3:AK15C0
|i F11044
|p 0543134
|f BK
|
| 999 |
f |
f |
|i 35e868b9-1585-5df6-a440-8176a0ae62bb
|s d48a3907-c706-566d-b2ae-4162863f18d3
|
| 952 |
f |
f |
|p Can circulate
|a CAVAL
|b CAVAL
|c CAVAL
|d CARM 1 Store
|e F11044
|h Other scheme
|i book
|m 0543134
|
| 952 |
f |
f |
|a CAVAL
|b CAVAL
|c CAVAL
|d Unmapped Location
|e F11044
|f A3:AK15C0
|h Other scheme
|